000 00558nam a2200181Ia 4500
005 20250326125339.0
008 250326s9999 xx 000 0 und d
037 _aTextbook
040 _aFMSL
_beng
_cFMSL
041 _aeng
_2eng
084 _aX8(A):94 L1
_qFMSL
100 _aFletcher J A
_9738911
245 0 _aTatal loss control within the industrial environment
_cFletcher J A; Douglas H M
260 _aLondon
_bLondon, Associated Business Programmes
_c1971
300 _a176p
942 _cTB
_hX8(A):94 L1
999 _c1277634
_d1277634